[Event "IRQ-ch"]
[Site "Baghdad"]
[Date "2010.03.14"]
[Round "6"]
[White "Mohamed, Nawfal"]
[Black "Ismael Namir, Mohammed Ismael"]
[Result "1/2-1/2"]
[WhiteElo "2221"]
[BlackElo "2202"]
[PlyCount "98"]
[EventDate "2010.03.11"]
[EventType "tourn"]
[EventRounds "11"]
[EventCountry "IRQ"]
[EventCategory "1"]
[SourceTitle "CBM 135 Extra"]
[Source "ChessBase"]
[SourceDate "2010.05.04"]
[SourceVersion "1"]
[SourceVersionDate "2010.05.04"]
[SourceQuality "1"]

1. d4 d5 2. c4 e6 3. Nc3 c6 4. e3 Nf6 5. Nf3 Nbd7 6. Qc2 Bd6 7. b3 e5 8. cxd5 cxd5 9. Nb5 Bb4+ 10. Bd2 Bxd2+ 11. Qxd2 0-0 12. dxe5 Ne4 13. Qb2 a6 14. Nc3 Ndc5 15. Be2 Nxc3 16. Qxc3 Ne4 17. Qd4 Qa5+ 18. b4 Qa3 19. 0-0 Be6 20. Nd2 Nc3 21. Bd3 Bf5 22. Nb1 Bxd3 23. Qxd3 Nxb1 24. Qxb1 Qc3 25. Qf5 g6 26. Qd7 Qxe5 27. Qxb7 Rfb8 28. Qc6 Rc8 29. Qb6 Rcb8 30. Qc5 Rb5 31. Qc6 Rab8 32. Rad1 a5 33. bxa5 Rxa5 34. Rd4 Rxa2 35. Rxd5 Qb2 36. g3 Ra1 37. Rxa1 Qxa1+ 38. Kg2 Qb2 39. Rd7 Qe5 40. Qc4 Qf6 41. Rd4 Qe7 42. Rf4 Qb7+ 43. e4 Re8 44. h4 h5 45. Kh2 Qe7 46. Qd5 Kg7 47. Kg2 Qe6 48. Qd4+ Qe5 49. Qc4 Qe6 1/2-1/2

[Event "Abu Dhabi op 19th"]
[Site "Abu Dhabi"]
[Date "2009.08.18"]
[Round "7"]
[White "Zayed, Ali Al Hamed"]
[Black "Mohamed, Nawfal"]
[Result "1/2-1/2"]
[WhiteElo "1855"]
[BlackElo "2229"]
[PlyCount "40"]
[EventDate "2009.08.12"]
[EventType "swiss"]
[EventRounds "9"]
[EventCountry "UAE"]
[SourceTitle "CBM 131 Extra"]
[Source "ChessBase"]
[SourceDate "2009.09.03"]
[SourceVersion "2"]
[SourceVersionDate "2009.09.16"]
[SourceQuality "1"]

1. e4 c5 2. Nf3 d6 3. d4 cxd4 4. Qxd4 Nc6 5. Bb5 Bd7 6. Bxc6 Bxc6 7. Nc3 Nf6 8. Bg5 e6 9. 0-0-0 Be7 10. Rhe1 Qc7 11. Bxf6 gxf6 12. Nd5 Bxd5 13. exd5 e5 14. Qe4 Qd7 15. Nh4 0-0-0 16. Nf5 Rdg8 17. g4 h5 18. h3 Bd8 19. Qb4 Bc7 20. f3 Kb8 1/2-1/2

[Event "Amman tt"]
[Site "Amman"]
[Date "2008.06.23"]
[Round "4"]
[White "Al Qudaimi, Basheer"]
[Black "Mohamed, Nawfal"]
[Result "1/2-1/2"]
[WhiteElo "2439"]
[BlackElo "2293"]
[PlyCount "68"]
[EventDate "2008.06.21"]
[EventType "team"]
[EventRounds "8"]
[EventCountry "JOR"]
[SourceTitle "CBM 125 Extra"]
[Source "ChessBase"]
[SourceDate "2008.09.01"]
[SourceVersion "1"]
[SourceVersionDate "2008.09.01"]
[SourceQuality "1"]

1. e4 c5 2. Ne2 d6 3. g3 e5 4. Bg2 Nc6 5. c3 g6 6. d4 Bg7 7. dxc5 dxc5 8. Qxd8+ Nxd8 9. Be3 b6 10. Na3 Ba6 11. c4 Ne6 12. Nc3 Ne7 13. Nd5 Nxd5 14. cxd5 Nd4 15. Bf1 Nf3+ 16. Kd1 Bxf1 17. Rxf1 f5 18. Nb5 0-0-0 19. Nxa7+ Kb7 20. Nb5 fxe4 21. Nc3 Nxh2 22. Rh1 Nf3 23. a4 h5 24. a5 Ra8 25. Nxe4 Rhd8 26. Ke2 Nd4+ 27. Bxd4 exd4 28. d6 Bf8 29. axb6 Rxa1 30. Rxa1 Kxb6 31. g4 Bxd6 32. gxh5 gxh5 33. Rh1 Bf4 34. Kd3 Kc6 1/2-1/2

[Event "Olympiad-37"]
[Site "Turin"]
[Date "2006.05.30"]
[Round "9"]
[White "Mohamed, Nawfal"]
[Black "Akintola, Fola"]
[Result "1-0"]
[WhiteElo "2211"]
[BlackElo "2287"]
[PlyCount "83"]
[EventDate "2006.05.21"]
[EventType "team-swiss"]
[EventRounds "13"]
[EventCountry "ITA"]
[SourceTitle "CBM 113"]
[Source "ChessBase"]
[SourceDate "2006.07.31"]
[SourceVersion "1"]
[SourceVersionDate "2006.07.31"]
[SourceQuality "1"]
[WhiteTeam "Iraq"]
[BlackTeam "Nigeria"]
[WhiteTeamCountry "IRQ"]
[BlackTeamCountry "NGR"]

1. d4 Nf6 2. Nc3 d5 3. Bf4 g6 4. e3 Bg7 5. Nf3 0-0 6. Be2 b6 7. Ne5 Bb7 8. h4 Nbd7 9. h5 a6 10. hxg6 hxg6 11. Bg4 e6 12. Qf3 Re8 13. Bg5 Nf8 14. Qf4 Qe7 15. 0-0-0 N8h7 16. Rxh7 Kxh7 17. Rh1+ Kg8 18. Be2 Rac8 19. Qh4 Kf8 20. Ng4 Nxg4 21. Bxe7+ Rxe7 22. Qxg4 Kg8 23. f4 c5 24. Rd1 Rec7 25. Bf1 b5 26. Rd2 cxd4 27. exd4 b4 28. Na4 Bxd4 29. Rxd4 Rxc2+ 30. Kd1 Rc1+ 31. Ke2 R8c2+ 32. Rd2 Rxd2+ 33. Kxd2 Rxf1 34. Nc5 Bc6 35. Nxa6 Rf2+ 36. Kc1 d4 37. Nxb4 Rf1+ 38. Kd2 Be4 39. Qe2 Rxf4 40. g3 d3 41. Nxd3 Bxd3 42. Kxd3 1-0

[Event "Olympiad-37"]
[Site "Turin"]
[Date "2006.05.28"]
[Round "7"]
[White "Mohamed, Nawfal"]
[Black "Roussel Roozmon, Thomas"]
[Result "1/2-1/2"]
[WhiteElo "2211"]
[BlackElo "2419"]
[PlyCount "126"]
[EventDate "2006.05.21"]
[EventType "team-swiss"]
[EventRounds "13"]
[EventCountry "ITA"]
[SourceTitle "CBM 113"]
[Source "ChessBase"]
[SourceDate "2006.07.31"]
[SourceVersion "1"]
[SourceVersionDate "2006.07.31"]
[SourceQuality "1"]
[WhiteTeam "Iraq"]
[BlackTeam "Canada"]
[WhiteTeamCountry "IRQ"]
[BlackTeamCountry "CAN"]

1. d4 Nf6 2. Nc3 d5 3. Bf4 Bf5 4. e3 e6 5. Bd3 Bg6 6. Nf3 a6 7. Ne5 c5 8. dxc5 Bxc5 9. 0-0 Nc6 10. Nxg6 hxg6 11. Bg3 Nh5 12. Qf3 Qf6 13. Qxf6 gxf6 14. Rfd1 f5 15. Na4 Ba7 16. Bc7 Rc8 17. Bb6 Bb8 18. h3 Nf6 19. Rac1 Ne5 20. Be2 Nfd7 21. Bd4 0-0 22. b3 Nc6 23. c4 dxc4 24. bxc4 Bc7 25. Rb1 Na5 26. Bc3 Ne5 27. c5 Nec6 28. Bf3 Rfd8 29. Rxd8+ Rxd8 30. Kf1 e5 31. Bxc6 bxc6 32. Nb6 Nb7 33. Nd7 Ba5 34. Rxb7 Bxc3 35. Rb8 Rxb8 36. Nxb8 Kf8 37. Nxc6 Ke8 38. Nb8 a5 39. c6 Kd8 40. Na6 e4 41. Ke2 Ke7 42. f3 Kd6 43. c7 Kd7 44. g4 exf3+ 45. Kxf3 fxg4+ 46. hxg4 Be5 47. Ke4 Bxc7 48. Nxc7 Kxc7 49. Ke5 Kd7 50. Kf6 Ke8 51. e4 a4 52. a3 Kf8 53. e5 Ke8 54. e6 fxe6 55. Kxe6 g5 56. Kf6 Kf8 57. Kxg5 Kg7 58. Kf5 Kf7 59. Ke5 Kg6 60. Kd5 Kg5 61. Kc5 Kxg4 62. Kb5 Kf5 63. Kxa4 Ke6 1/2-1/2

[Event "Olympiad-37"]
[Site "Turin"]
[Date "2006.05.24"]
[Round "4"]
[White "Mohamed, Nawfal"]
[Black "Seegolam, Pradeep"]
[Result "1-0"]
[WhiteElo "2211"]
[BlackElo "2140"]
[PlyCount "85"]
[EventDate "2006.05.21"]
[EventType "team-swiss"]
[EventRounds "13"]
[EventCountry "ITA"]
[SourceTitle "CBM 113"]
[Source "ChessBase"]
[SourceDate "2006.07.31"]
[SourceVersion "1"]
[SourceVersionDate "2006.07.31"]
[SourceQuality "1"]
[WhiteTeam "Iraq"]
[BlackTeam "Mauritius"]
[WhiteTeamCountry "IRQ"]
[BlackTeamCountry "MRI"]

1. e4 c5 2. Nf3 d6 3. b3 Nf6 4. Qe2 Nc6 5. Bb2 e5 6. g3 Be7 7. Bg2 0-0 8. h3 a5 9. a4 b6 10. 0-0 Re8 11. c4 Bf8 12. d3 g6 13. Nbd2 Ra7 14. Ne1 Nh5 15. Nc2 Bh6 16. Ne3 Nd4 17. Bxd4 exd4 18. Nd5 f5 19. Kh2 f4 20. Bf3 fxg3+ 21. fxg3 Nxg3 22. Kxg3 Qg5+ 23. Bg4 Bxg4 24. hxg4 Qxd2 25. Qxd2 Bxd2 26. Nf6+ Kf7 27. Nxe8+ Kxe8 28. Rf6 Rf7 29. Raf1 Rxf6 30. Rxf6 Ke7 31. e5 dxe5 32. Rxb6 e4 33. dxe4 d3 34. Kf3 h5 35. gxh5 gxh5 36. Rc6 Bb4 37. Rh6 h4 38. Rxh4 Be1 39. Rh5 Bc3 40. Rxc5 d2 41. Ke2 Ke6 42. Rd5 Bb4 43. c5 1-0